|
|
|
|
| LEADER |
00000nas a2200000 a 4500 |
| 001 |
ssj0008122 |
| 003 |
WaSeSS |
| 005 |
20200512172242.0 |
| 006 |
m d |
| 007 |
cr n |
| 008 |
040430c19809999enkqr pss o 0 a0eng c |
| 010 |
|
|
|a 2006236972
|
| 015 |
|
|
|a GBA870092
|2 bnb
|
| 015 |
|
|
|a 17,O11
|2 dnb
|
| 016 |
7 |
|
|a 975239260
|2 DE-101
|
| 016 |
7 |
|
|a 2191584-2
|2 DE-600
|
| 016 |
7 |
|
|a 013025326
|2 Uk
|
| 022 |
|
|
|a 1745-655X
|l 0197-5897
|y 0197-5897
|
| 024 |
8 |
|
|a eb715186
|
| 035 |
|
|
|a (WaSeSS)ssj0008122
|
| 040 |
|
|
|a FQM
|b eng
|e pn
|c FQM
|d OCLCQ
|d EYM
|d HUL
|d HUA
|d MUQ
|d OCLCQ
|d SBH
|d OCL
|d OCLCQ
|d GWDNB
|d UKMGB
|d OCLCQ
|d GBVCP
|d OCLCQ
|d OCLCF
|d VT2
|d OCLCQ
|d OCLCO
|d OCLCQ
|d DEBBG
|d WT2
|d OCLCO
|d OCLCQ
|d OCLCO
|d OCLCA
|d BUF
|d NLE
|d APUMS
|d GILDS
|d U3W
|d OCLCQ
|d OCLCO
|d WYU
|d OCLCO
|d AUD
|d OCLCA
|d DLC
|d OCLCO
|d OCLCA
|d OCLCQ
|d OCLCA
|d SFB
|d WaSeSS
|
| 042 |
|
|
|a pcc
|
| 050 |
0 |
0 |
|a RA421
|
| 060 |
0 |
0 |
|a W1
|b JO859UH
|
| 082 |
0 |
4 |
|a 614.05
|
| 130 |
0 |
|
|a Journal of public health policy (Online)
|
| 245 |
1 |
0 |
|a Journal of public health policy
|h [electronic resource].
|
| 260 |
|
|
|a South Burlington, VT :
|b Journal of Public Health Policy,
|c 1980-
|
| 310 |
|
|
|a Four no. a year
|
| 362 |
0 |
|
|a Vol. 1, no. 1 (Mar. 1980)-
|
| 500 |
|
|
|a Title from cover (JSTOR, viewed May 10, 2006).
|
| 500 |
|
|
|a Publisher: [London] : Palgrave Macmillan UK, <2006>-
|
| 506 |
|
|
|a License restrictions may limit access.
|
| 525 |
|
|
|a Some volumes have separately numbered supplements.
|
| 538 |
|
|
|a Mode of access: World Wide Web.
|
| 588 |
1 |
|
|a Vol. 40, no. 1 (Mar. 2019) (SpringerLink website, viewed Feb. 13, 2019).
|
| 650 |
|
0 |
|a Public health
|v Periodicals.
|
| 650 |
|
0 |
|a Medical policy
|v Periodicals.
|
| 650 |
|
2 |
|a Health Policy.
|
| 650 |
|
2 |
|a Public Health.
|
| 650 |
|
6 |
|a Santé publique
|v Périodiques.
|
| 650 |
|
6 |
|a Politique sanitaire
|v Périodiques.
|
| 650 |
|
7 |
|a Medical policy.
|2 fast
|0 (OCoLC)fst01014505
|
| 650 |
|
7 |
|a Public health.
|2 fast
|0 (OCoLC)fst01082238
|
| 650 |
|
7 |
|a Gesundheitspolitik
|2 gnd
|
| 650 |
|
7 |
|a Öffentliches Gesundheitswesen
|2 gnd
|
| 650 |
|
7 |
|a Public Health.
|2 ebps
|
| 650 |
|
7 |
|a Health Policy.
|2 ebps
|
| 655 |
|
0 |
|a Electronic journals.
|
| 776 |
1 |
|
|t Journal of public health policy
|x 0197-5897
|w (DLC) 80644507
|w (OCoLC)6077515
|
| 850 |
|
|
|a DLC
|
| 856 |
4 |
0 |
|z Full text available from Research Library: 10/01/2001 to 1 year ago
|u https://search.proquest.com/publication/34132
|